Antártida : El sexto continente. /

Guardado en:
Autor Principal: Terrile, Eduardo
Formato: Deslizar
Series:Parte 1
Materias:
Etiquetas: Agregar Etiqueta
Sin Etiquetas, Sea el primero en etiquetar este registro!
LEADER 01098ngm a22003255g 4500
001 CEM.cems021522
008 130507b1991##################0###0#####d
005 20240827145134.0
245 1 0 |a Antártida :  |b El sexto continente. /  |c Eduardo Terrile. 
300 |a 40 
490 1 |a Parte 1 
500 |a En soporte VHS, consultar en ventanilla. 
505 0 |a Vista aérea, paisajes. Fósiles de la región. Observaciones meteorológicas. Estudio sobre la capa de ozono. Aislamiento y convivencia del hombre en la Antártida. 
538 |a Soporte: VHS - Norma: Pal N - Color - Grabación Drd 1991 - Hitachi=0000 
100 1 |a Terrile, Eduardo 
082 9 1 |. 8/TER 
653 |a NIVEL PRIMARIO 
653 |a NIVEL SECUNDARIO 
653 |a ANTARTIDA 
653 |a GEOGRAFIA HUMANA 
653 |a CAPA DE OZONO 
653 |a ARGENTINA 
653 |a GEOGRAFIA 
653 |a ARGENTINA-GEOGRAFIA 
653 |a AGUJERO DE OZONO 
653 |a PAISAJES 
653 |a FOSILES 
653 |a METEOROLOGIA 
653 |a OZONO 
859 |a CEMS  |b BIB. CEMS - Depto. Recursos Didacticos  |h 918.8  |i TER  |k DRD  |p 165.12  |t Ej.1